00773nam a22002177a 4500003000500000005001700005008004100022010001000063011001000073035001000083040000900093100003600102245013200138260004000270300002100310502010000331650003600431650002900467650003400496650002500530CHAP20220329141600.0971013s1984 r 00010 d a70494 a71466 a81020 cCHAP00aBalderas Castro, Luis Fernando. aEvaluación de seis niveles de estiercol bovino estabulado y de raicilla de malta en raciones para pollo de engorda en acabado aMonterrey, N. L. :bEl autor,c1984 a50 h.b; gráfs aTesis (Ing. Agr. Esp. en Administración) -- ITESM. Div. de Ciencias Agropecuarias y Maritimas14aAves de corralxAlimentación.14aAves de corralxEngorda.14aCebada malteraxSubproductos.14aEstiércol de vaca.